Every Song by Sevendust - Statistics

General Stats
  • This quiz has been taken 9 times
  • The average score is 57 of 172
Answer Stats
Album Song % Correct
Home(1999) Denial
100%
Home(1999) Home
100%
Sevendust(1997) Black
80%
Chapter VII: Hope & Sorrow(2008) Hope
80%
Home(1999) Licking Cream
80%
Sevendust(1997) Prayer
80%
Seasons(2003) Seasons
80%
Alpha(2007) Alpha
60%
Animosity(2001) Beautiful
60%
Home(1999) Bender
60%
Sevendust(1997) Bitch
60%
Black Out the Sun(2013) Black Out the Sun
60%
Sevendust(Bonus)(2010) Breathe
60%
Seasons(2003) Broken Down
60%
Black Out the Sun(2013) Cold as War
60%
Chapter VII: Hope & Sorrow(2008) Contradiction
60%
Black Out the Sun(2013) Dark AM
60%
Black Out the Sun(2013) Dead Roses
60%
Alpha(2007) Deathstar
60%
Black Out the Sun(2013) Decay
60%
All I See Is War(2018) Dirty
60%
Seasons(2003) Enemy
60%
Chapter VII: Hope & Sorrow(2008) Enough
60%
Truth Killer(2023) Everything
60%
Cold Day Memory(2010) Forever
60%
Seasons(2003) Gone
60%
Black Out the Sun(2013) Got a Feeling
60%
Truth Killer(2023) Holy Water
60%
Seasons(2003) Honesty
60%
Home(1999) Insecure
60%
Cold Day Memory(2010) Karma
60%
All I See Is War(2018) Medicated
60%
Black Out the Sun(2013) Memory
60%
Black Out the Sun(2013) Mountain
60%
Black Out the Sun(2013) Murder Bar
60%
Kill the Flaw(2015) Peace and Destruction
60%
Next(2005) Pieces
60%
Animosity(2001) Praise
60%
Chapter VII: Hope & Sorrow(2008) Prodigal Son
60%
Animosity(2001) Redefine
60%
Seasons(2003) Skeleton Song
60%
Chapter VII: Hope & Sorrow(2008) Sorrow
60%
Cold Day Memory(2010) Splinter
60%
Alpha(2007) Story of Your Life
60%
Sevendust(1997) Terminator
60%
Kill the Flaw(2015) Thank You
60%
Animosity(2001) T.O.A.B.
60%
Animosity(2001) Trust
60%
Next(2005) Ugly
60%
All I See Is War(2018) Unforgiven
60%
Cold Day Memory(2010) Unraveling
60%
Home(1999) Waffle
60%
Chapter VII: Hope & Sorrow(2008) Walk Away
60%
Sevendust(1997) Wired
60%
Cold Day Memory(2010) Better Place
40%
Time Travelers & Bonfires(2014) Bonfire
40%
Alpha(2007) Burn
40%
Cold Day Memory(2010) Confessions (Without Faith)
40%
Seasons(2003) Disease
40%
Seasons(2003) Disgrace
40%
Black Out the Sun(2013) Faithless
40%
Sevendust(1997) Face
40%
Seasons(2003) Face to Face
40%
Home(B-Side)(1999) Fall
40%
Animosity(2001) Follow
40%
All I See Is War(2018) God Bites His Tongue
40%
Home(1999) Grasp
40%
Home(1999) Headtrip
40%
Cold Day Memory(2010) Here and Now
40%
Next(2005) Hero
40%
Kill the Flaw(2015) Kill the Flaw
40%
Animosity(2001) Live Again
40%
All I See Is War(2018) Not Original
40%
Black Out the Sun(2013) Picture Perfect
40%
Home(1999) Rumble Fish
40%
Seasons(2003) Separate
40%
Seasons(2003) Suffocate
40%
Cold Day Memory(2010) The End Is Coming
40%
Chapter VII: Hope & Sorrow(2008) The Past
40%
All I See Is War(2018) The Truth
40%
Next(2005) This Life
40%
Black Out the Sun(2013) Till Death
40%
Truth Killer(2023) Truth Killer
40%
Animosity(2001) Xmas Day
40%
Blood & Stone(2020) Blood from a Stone
20%
Sevendust(1997) Born to Die
20%
Seasons(2003) Burned Out
20%
Kill the Flaw(2015) Cease and Desist
20%
Kill the Flaw(2015) Chop
20%
Alpha(2007) Clueless
20%
Alpha(2007) Confessions of Hatred
20%
Blood & Stone(2020) Criminal
20%
Animosity(2001) Crucified
20%
Home(1999) Crumbled
20%
Animosity(2001) Dead Set
20%
Kill the Flaw(2015) Death Dance
20%
All I See Is War(2018) Descend
20%
Blood & Stone(2020) Desperation
20%
Alpha(2007) Driven
20%
Blood & Stone(2020) Dying to Live
20%
Next(2005) Failure
20%
Non-Album(2010) Falcons on Top
20%
Home(1999) Feel So
20%
Truth Killer(2023) Fence
20%
Kill the Flaw(2015) Forget
20%
Home(1999) Grasshopper
20%
Truth Killer(2023) I Might Let the Devil Win
20%
Cold Day Memory(2010) Last Breath
20%
Truth Killer(2023) Leave Hell Behind
20%
Kill the Flaw(2015) Letters
20%
All I See Is War(2018) Life Deceives You
20%
Blood & Stone(2020) Love
20%
Truth Killer(2023) Messenger
20%
Sevendust(1997) My Ruin
20%
Black Out the Sun(2013) Nobody Wants It
20%
Truth Killer(2023) No Revolution
20%
Blood & Stone(2020) Nothing Left to See Here Anymore
20%
Kill the Flaw(2015) Not Today
20%
Home(1999) Reconnect
20%
Cold Day Memory(2010) Ride Insane
20%
Chapter VII: Hope & Sorrow(2008) Scapegoat
20%
Next(2005) Shadows in Red
20%
Truth Killer(2023) Sick Mouth
20%
All I See Is War(2018) Sickness
20%
Kill the Flaw(2015) Silly Beast
20%
Kill the Flaw(Bonus)(2015) Slave the Prey
20%
Sevendust(1997) Speak
20%
Cold Day Memory(2010) Strong Arm Broken
20%
Truth Killer(2023) Superficial Drug
20%
Next(2005) The Last Song
20%
Sevendust(1997) Too Close to Hate
20%
Kill the Flaw(2015) Torched
20%
Alpha(2007) Under
20%
Time Travelers & Bonfires(2014) Under It All
20%
Time Travelers & Bonfires(2014) Upbeat Sugar
20%
Sevendust(1997) Will It Bleed
20%
Blood & Stone(2020) Wish You Well
20%
Truth Killer(2023) Won't Stop the Bleeding
20%
Alpha(Bonus)(2007) Abuse Me
0%
Blood & Stone(2020) Against the World
0%
Alpha(2007) Aggression
0%
Blood & Stone(2020) Alone
0%
Alpha(2007) Beg to Differ
0%
All I See Is War(2018) Cheers
0%
Time Travelers & Bonfires(2014) Come Down
0%
Seasons(Bonus)(2003) Coward
0%
Animosity(2001) Damaged
0%
Next(2005) Desertion
0%
Chapter VII: Hope & Sorrow(Bonus)(2008) Disgust
0%
Chapter VII: Hope & Sorrow(2008) Fear
0%
Alpha(2007) Feed
0%
Blood & Stone(2020) Feel Like Going On
0%
Chapter VII: Hope & Sorrow(Bonus)(2008) Heart in Your Hands
0%
Chapter VII: Hope & Sorrow(2008) Inside
0%
Blood & Stone(2020) Kill Me
0%
Chapter VII: Hope & Sorrow(2008) Lifeless
0%
Truth Killer(2023) Love and Hate
0%
Chapter VII: Hope & Sorrow(Bonus)(2008) Lucky One
0%
All I See Is War(2018) Moments
0%
Next(2005) Never
0%
Cold Day Memory(2010) Nowhere
0%
Seasons(Bonus)(2003) Number One (The Ballad)
0%
Time Travelers & Bonfires(2014) One Life
0%
Seasons(Bonus)(2003) Rain
0%
All I See Is War(2018) Risen
0%
Next(2005) See and Believe
0%
Animosity(2001) Shine
0%
Next(2005) Silence
0%
Alpha(2007) Suffer
0%
Alpha(Bonus)(2007) The Rim
0%
Time Travelers & Bonfires(2014) The Wait
0%
Blood & Stone(2020) What You've Become
0%
No matching quizzes found
Score Distribution
Percent of People with Each Score
Percentile by Number Answered
Your Score History
You have not taken this quiz